[Event "75.Camp. Veneto Quarti di Finale"]
[Site "Montebelluna ITA"]
[Date "2015.05.15"]
[Round "1.8"]
[White "Zenari, Marco"]
[Black "Loiacono, Antonio"]
[Result "1/2-1/2"]
[WhiteElo "1966"]
[BlackElo "1936"]
[Annotator "Gabriele Ballarin"]
[PlyCount "74"]
[EventDate "2015.05.15"]
[EventType "swiss"]
[EventRounds "5"]
[EventCountry "ITA"]

1. e4 c5 2. Nf3 e6 3. d4 cxd4 4. Nxd4 Nc6 5. Be2 Nf6 6. Nc3 Bb4 7. Qd3 d5 8. Nxc6 bxc6 9. O-O O-O 10. e5 Nd7 11. Qg3 f6 12. Bh6 Qe7 13. exf6 Nxf6 14. Bf4 Bxc3 15. Bd6 Ne4 16. Bxe7 Nxg3 17. fxg3 Bd4+ 18. Kh1 Rf7 19. Rxf7 Kxf7 20. Ba3 Bf6 21. Rf1 Bd7 22. b3 Kg8 23. Bc5 a5 24. Bg4 Rb8 25. a4 Rb7 26. Be2 e5 27. g4 h6 28. Bd6 Be6 29. h4 e4 30. g5 hxg5 31. hxg5 Be7 32. Bxe7 Rxe7 33. Kg1 d4 34. g6 c5 35. g3 Rc7 36. Rf4 Rc6 37. Rxe4 Kf8 1/2-1/2

[Event "75.Camp. Veneto Quarti di Finale"]
[Site "Montebelluna ITA"]
[Date "2015.05.15"]
[Round "1.9"]
[White "Zanirato, Stefano"]
[Black "Artuso, Sofia"]
[Result "1-0"]
[WhiteElo "1898"]
[BlackElo "1628"]
[Annotator "Gabriele Ballarin"]
[PlyCount "171"]
[EventDate "2015.05.15"]
[EventType "swiss"]
[EventRounds "5"]
[EventCountry "ITA"]

1. e4 d5 2. e5 Bf5 3. d4 e6 4. Bd3 Bxd3 5. Qxd3 Nd7 6. Ne2 h6 7. b3 Ne7 8. Ng3 Ng6 9. f4 Qh4 10. O-O c5 11. f5 exf5 12. Nxf5 Qe4 13. Nc3 Qxd3 14. cxd3 cxd4 15. Nxd5 Rc8 16. Nd6+ Bxd6 17. exd6 Nde5 18. Bb2 Rc6 19. Nc7+ Kd7 20. Nb5 a6 {=} 21. Nxd4 Rxd6 22. Nf5 Rxd3 23. Rae1 Rd5 24. Nxg7 Rc8 25. Nh5 Ke6 26. Rf6+ Ke7 27. Ba3+ Kd7 28. Rxg6 fxg6 29. Nf6+ Ke6 30. Nxd5 Kxd5 31. Rc1 Rxc1+ 32. Bxc1 h5 33. Kf1 Nd3 34. Bg5 Nb4 35. a4 Nd3 36. Be3 Nc5 37. Kf2 Nxb3 38. Kg3 Nc5 39. a5 Nd7 40. Kf4 Ne5 41. Bb6 Nd3+ 42. Kg5 Ne5 43. Bc7 Ke6 44. h3 Kd5 45. Kf6 Nd7+ 46. Kxg6 Kc6 47. Bd8 b5 48. Kf5 b4 49. Ke4 Nc5+ 50. Ke3 b3 51. Kd2 b2 52. Kc2 Nd3 53. g4 hxg4 54. hxg4 Kb5 55. g5 Ne5 56. Kxb2 Ng6 57. Kc3 Kc5 58. Kd3 Kd5 59. Ke3 Ke5 60. Bf6+ Kd5 61. Kf3 Ke6 62. Ke4 Kf7 63. Kd5 Ke8 64. Kc6 Nf8 65. Kb6 Kd7 66. Kxa6 Kc6 67. Ka7 Kc7 68. Be5+ Kc8 69. Ka6 Ng6 70. Bg3 Ne7 71. Kb5 Kb7 72. a6+ Ka7 73. Bf2+ Ka8 74. Kc5 Ng6 75. Kd6 Nf8 76. Ke7 Ng6+ 77. Kf6 Nf4 78. Kf5 Nd5 79. Bc5 Nc7 80. g6 Ne8 81. Bd4 Kb8 82. a7+ Ka8 83. Ke6 Kb7 84. Kd7 Nf6+ 85. Bxf6 Kxa7 86. g7 1-0

[Event "75.Camp. Veneto Quarti di Finale"]
[Site "Montebelluna ITA"]
[Date "2015.05.15"]
[Round "1.10"]
[White "Zilio, Lodovico"]
[Black "Loiacono, Leonardo"]
[Result "0-1"]
[WhiteElo "1574"]
[BlackElo "1854"]
[Annotator "Gabriele Ballarin"]
[PlyCount "32"]
[EventDate "2015.05.15"]
[EventType "swiss"]
[EventRounds "5"]
[EventCountry "ITA"]

1. e4 c5 2. Nf3 Nc6 3. d4 cxd4 4. Bc4 e6 5. Nxd4 Bc5 6. Be3 Qb6 7. Nb5 Bxe3 8. fxe3 a6 9. Nd6+ Ke7 10. O-O Ne5 11. Nxc8+ Rxc8 12. Bb3 Qxe3+ 13. Kh1 Nf6 14. Nc3 Neg4 15. e5 Qxe5 16. Qf3 Qxh2# 0-1

[Event "75.Camp. Veneto Quarti di Finale"]
[Site "Montebelluna ITA"]
[Date "2015.05.16"]
[Round "2.1"]
[White "Zanirato, Stefano"]
[Black "Dappiano, Andrea"]
[Result "1-0"]
[WhiteElo "1898"]
[BlackElo "2225"]
[Annotator "Gabriele Ballarin"]
[PlyCount "77"]
[EventDate "2015.05.15"]
[EventType "swiss"]
[EventRounds "5"]
[EventCountry "ITA"]

1. e4 d6 2. d4 Nf6 3. Nc3 e5 4. Nf3 Nbd7 5. Bc4 Be7 6. dxe5 dxe5 7. O-O O-O 8. h3 c6 9. Qe2 b5 10. Bb3 Qc7 11. Bg5 Nc5 12. Rfe1 h6 13. Bxf6 Bxf6 14. Qe3 Be7 15. Ne2 a5 16. a3 Nxb3 17. cxb3 Be6 18. Rac1 Rac8 19. Ng3 Rfd8 20. Nf5 Bf8 21. g4 f6 22. h4 Qf7 23. Qb6 Bxf5 24. exf5 Qxb3 25. Rc3 Qa4 26. b4 axb4 27. Rxc6 Rxc6 28. Qxd8 Qb3 29. Re3 Qc4 30. axb4 Qxg4+ 31. Kh2 Rc2 32. Qd5+ Kh7 33. Nd2 Bxb4 34. Ne4 Qxh4+ 35. Kg2 Bc5 36. Rg3 Re2 37. Nxc5 Re1 38. Rxg7+ Kxg7 39. Ne6+ 1-0

[Event "75.Camp. Veneto Quarti di Finale"]
[Site "Montebelluna ITA"]
[Date "2015.05.16"]
[Round "2.2"]
[White "Sorbera, Giovanni"]
[Black "De Paoli, Emilio"]
[Result "1-0"]
[WhiteElo "2154"]
[BlackElo "1758"]
[Annotator "Gabriele Ballarin"]
[PlyCount "51"]
[EventDate "2015.05.15"]
[EventType "swiss"]
[EventRounds "5"]
[EventCountry "ITA"]

1. c4 e5 2. Nc3 Bb4 3. e3 Nf6 4. Nge2 O-O 5. a3 Be7 6. Ng3 c6 7. d4 exd4 8. exd4 d5 9. c5 Re8 10. Be2 b6 11. cxb6 axb6 12. O-O Ba6 13. Be3 c5 14. Bxa6 Nxa6 15. Qf3 Nc7 16. Rad1 c4 17. Nf5 Qd7 18. Bg5 Rad8 19. Rfe1 Ne6 20. Bh4 Kf8 21. Re5 g6 22. Nxe7 g5 23. Qxf6 gxh4 24. Nf5 Kg8 25. Rxe6 Qxe6 26. Qg7# 1-0

[Event "75.Camp. Veneto Quarti di Finale"]
[Site "Montebelluna ITA"]
[Date "2015.05.16"]
[Round "2.3"]
[White "Loiacono, Leonardo"]
[Black "Della Sala, Bruno"]
[Result "0-1"]
[WhiteElo "1854"]
[BlackElo "1995"]
[Annotator "Gabriele Ballarin"]
[PlyCount "140"]
[EventDate "2015.05.15"]
[EventType "swiss"]
[EventRounds "5"]
[EventCountry "ITA"]

1. e4 e6 2. d4 d5 3. Nc3 Nf6 4. Bg5 Bb4 5. e5 h6 6. Bf4 g5 7. Bg3 Ne4 8. Nge2 c5 9. f3 Nxg3 10. Nxg3 cxd4 11. Qxd4 Nc6 12. Bb5 Qa5 13. Bxc6+ bxc6 14. O-O-O c5 15. Qe3 Bb7 16. Nxd5 Bxd5 17. a3 Rb8 18. Nh5 Ke7 19. Nf6 c4 20. axb4 Rxb4 21. Qa3 Qxa3 22. bxa3 Rb5 23. Kd2 Bc6 24. Rhe1 Rd8+ 25. Kc3 Rxd1 26. Rxd1 Rxe5 27. Ng8+ Kf8 28. Rd8+ Kg7 29. Ne7 Ba4 30. Rd2 Re3+ 31. Kxc4 Rxa3 32. Nc8 Ra2 33. Kc3 a5 34. Nb6 Bb5 35. Kb3 Ra1 36. c4 Bc6 37. Kb2 Rg1 38. c5 g4 39. fxg4 Rxg2 40. Rxg2 Bxg2 41. Nc4 f5 42. Ne3 Be4 43. gxf5 exf5 44. c6 f4 45. c7 Bb7 46. Nf1 Kf6 47. Ka3 Ke7 48. Ka4 Kd7 49. Kxa5 Kxc7 50. Kb4 Bg2 51. Nd2 f3 52. Kc4 f2 53. Kd4 f1=Q 54. Nxf1 Bxf1 55. Ke5 h5 56. Kf5 Be2 57. Kg5 Kd6 58. Kf6 Bg4 59. Kg6 Ke5 60. Kg5 Bd1 61. h3 Be2 62. Kh4 Kf5 63. Kg3 Kg5 64. h4+ Kf5 65. Kf2 Bd1 66. Kg3 Ke4 67. Kh2 Kf4 68. Kh3 Ba4 69. Kh2 Kg4 70. Kg2 Kxh4 0-1

[Event "75.Camp. Veneto Quarti di Finale"]
[Site "Montebelluna ITA"]
[Date "2015.05.16"]
[Round "2.4"]
[White "Sartor, Giovanni"]
[Black "Carini, Massimo"]
[Result "1-0"]
[WhiteElo "1444"]
[BlackElo "1964"]
[Annotator "Gabriele Ballarin"]
[PlyCount "71"]
[EventDate "2015.05.15"]
[EventType "swiss"]
[EventRounds "5"]
[EventCountry "ITA"]

1. e4 e5 2. Nf3 Nf6 3. Nxe5 d6 4. Nf3 Nxe4 5. d4 d5 6. Bd3 Bd6 7. Qe2 O-O 8. O-O Re8 9. Re1 Nc6 10. c3 Bg4 11. h3 Nf6 12. Be3 Bh5 13. Na3 a6 14. Qc2 Ne4 15. Qb3 Qd7 16. Nh2 Bg6 17. Rad1 Na5 18. Qc2 b5 19. Re2 Nc4 20. Nxc4 bxc4 21. Bxe4 Rxe4 22. Qd2 Rae8 23. Rde1 h6 24. Nf1 R4e7 25. Ng3 Bd3 26. Nh5 Bxe2 27. Nxg7 Kxg7 28. Bxh6+ Kh7 29. Qg5 f6 30. Qh4 Bh5 31. Be3 Kg6 32. g4 Bxg4 33. Qh6+ Kf5 34. hxg4+ Ke4 35. Qh1+ Kd3 36. Rd1+ 1-0

[Event "75.Camp. Veneto Quarti di Finale"]
[Site "Montebelluna ITA"]
[Date "2015.05.16"]
[Round "2.5"]
[White "Loiacono, Antonio"]
[Black "Latella, Tommaso"]
[Result "1-0"]
[WhiteElo "1936"]
[BlackElo "1732"]
[Annotator "Gabriele Ballarin"]
[PlyCount "44"]
[EventDate "2015.05.15"]
[EventType "swiss"]
[EventRounds "5"]
[EventCountry "ITA"]

1. e4 e5 2. Nf3 Nf6 3. Nxe5 d6 4. Nf3 Nxe4 5. Be2 d5 6. d4 Bd6 7. O-O O-O 8. c4 c6 9. cxd5 cxd5 10. Qb3 Re8 11. Bb5 Nc6 12. Nc3 Nxc3 13. Qxc3 Bd7 14. h3 a6 15. Ba4 Rc8 16. Qb3 Nb4 17. Bxd7 Qxd7 18. Bd2 Nc6 19. Kh1 Bb8 20. Rac1 Re4 21. Rc5 Nxd4 22. Qxd5 Rd8 1-0

[Event "75.Camp. Veneto Quarti di Finale"]
[Site "Montebelluna ITA"]
[Date "2015.05.16"]
[Round "2.6"]
[White "Tencheni, Maurizio"]
[Black "Zenari, Marco"]
[Result "1/2-1/2"]
[WhiteElo "1731"]
[BlackElo "1966"]
[Annotator "Gabriele Ballarin"]
[PlyCount "62"]
[EventDate "2015.05.15"]
[EventType "swiss"]
[EventRounds "5"]
[EventCountry "ITA"]

1. b3 g6 2. Bb2 Nf6 3. e4 Bg7 4. g3 d6 5. Bg2 O-O 6. Ne2 e5 7. O-O Nc6 8. Na3 Nd7 9. d4 exd4 10. Nxd4 Ne7 11. Nc4 Nb6 12. Nxb6 axb6 13. c3 Bd7 14. Qc2 Nc6 15. a4 Re8 16. Rfe1 Qc8 17. Rad1 Nxd4 18. cxd4 b5 19. axb5 Bxb5 20. Rc1 c6 21. Ra1 Qe6 22. Rxa8 Rxa8 23. Ra1 Rxa1+ 24. Bxa1 f5 25. f3 fxe4 26. fxe4 Qf7 27. Bc3 Bh6 28. d5 Be3+ 29. Kh1 cxd5 30. exd5 Qf2 31. Qxf2 Bxf2 1/2-1/2

[Event "75.Camp. Veneto Quarti di Finale"]
[Site "Montebelluna ITA"]
[Date "2015.05.16"]
[Round "2.7"]
[White "Polese, Marco"]
[Black "Dallaglio, Giovanni"]
[Result "1-0"]
[WhiteElo "1967"]
[BlackElo "1943"]
[Annotator "Gabriele Ballarin"]
[PlyCount "139"]
[EventDate "2015.05.15"]
[EventType "swiss"]
[EventRounds "5"]
[EventCountry "ITA"]

1. d4 d5 2. Nf3 Nf6 3. g3 Bf5 4. Bg2 c6 5. O-O e6 6. Nbd2 Be7 7. Re1 h6 8. b3 O-O 9. Bb2 Nbd7 10. c4 a5 11. Ne5 Bd6 12. f3 Qe7 13. Nxd7 Nxd7 14. e4 dxe4 15. fxe4 Bg6 16. Nf3 e5 17. Kh1 c5 18. d5 Bh5 19. Qd3 Bxf3 20. Bxf3 a4 21. Bg4 Ra7 22. Rad1 Rb8 23. Rf1 f6 24. Qf3 Nf8 25. Bf5 b5 26. Bc1 bxc4 27. bxc4 Rb4 28. Qd3 a3 29. Bxa3 Rba4 30. Bxc5 Bxc5 31. d6 Bxd6 32. Qd5+ Kh8 33. Qxd6 Rxc4 34. Qxe7 Rxe7 35. Rd8 Kg8 36. Bg6 Rd4 37. Rb8 Red7 38. Be8 Rd8 39. Rxd8 Rxd8 40. Bc6 Kf7 41. a4 Ne6 42. Rb1 Rc8 43. Bd5 Ke7 44. a5 Nc5 45. Rb6 Rc7 46. a6 Kd7 47. Bb7 Na4 48. Rb4 Rc1+ 49. Kg2 Ra1 50. a7 Nb6 51. Rxb6 Rxa7 52. Bd5 Ra1 53. Rb7+ Kd6 54. Rxg7 Kc5 55. Rg6 f5 56. Rc6+ Kd4 57. Rc4+ Kd3 58. exf5 Ra5 59. Be6 e4 60. Rb4 e3 61. Rb3+ Kd4 62. Kf3 e2 63. Kxe2 Ra2+ 64. Kf3 Rxh2 65. Kf4 h5 66. Kg5 Ke5 67. Rb5+ Kd6 68. Rd5+ Kc6 69. Rd3 Kc5 70. f6 1-0

[Event "75.Camp. Veneto Quarti di Finale"]
[Site "Montebelluna ITA"]
[Date "2015.05.16"]
[Round "2.9"]
[White "Reginato, Dario"]
[Black "Polin, Giulia"]
[Result "1/2-1/2"]
[WhiteElo "1759"]
[BlackElo "1858"]
[Annotator "Gabriele Ballarin"]
[PlyCount "105"]
[EventDate "2015.05.15"]
[EventType "swiss"]
[EventRounds "5"]
[EventCountry "ITA"]

1. d4 Nf6 2. c4 g6 3. Nc3 Bg7 4. Nf3 d6 5. e4 O-O 6. Be2 e5 7. O-O Nc6 8. dxe5 dxe5 9. Bg5 h6 10. Qxd8 Rxd8 11. Bxf6 Bxf6 12. Nd5 Bg7 13. Nxc7 Rb8 14. Rad1 Bg4 15. h3 Bxf3 16. Bxf3 Nd4 17. Nd5 Kh7 18. Rd3 f5 19. b4 Rbc8 20. c5 Rd7 21. Ra3 Nc6 22. Rd1 Rcd8 23. Rad3 Nd4 24. Kf1 fxe4 25. Bxe4 Rxd5 26. Bxd5 Rxd5 27. Rc1 e4 28. Re3 Re5 29. Rc4 Re6 30. a4 a6 31. Re1 Re7 32. Rd1 Nf5 33. g4 Nh4 34. Re1 Nf3 35. Re2 Rd7 36. Rc1 Rd4 37. b5 axb5 38. axb5 Be5 39. c6 bxc6 40. bxc6 Bc7 41. Kg2 Ne5 42. Ra2 Nd3 43. Rc3 Rd8 44. Ra7 Rc8 45. Rb3 Kg8 46. Rbb7 Be5 47. c7 Nc5 48. Rb8 Rxb8 49. cxb8=Q+ Bxb8 50. Ra8 Nd7 51. Ra4 Nc5 52. Ra8 Nd7 53. Ra4 1/2-1/2

[Event "75.Camp. Veneto Quarti di Finale"]
[Site "Montebelluna ITA"]
[Date "2015.05.16"]
[Round "2.10"]
[White "Negro, Raffaele"]
[Black "Ferrari, Vania"]
[Result "1/2-1/2"]
[WhiteElo "1845"]
[BlackElo "1623"]
[Annotator "Gabriele Ballarin"]
[PlyCount "76"]
[EventDate "2015.05.15"]
[EventType "swiss"]
[EventRounds "5"]
[EventCountry "ITA"]

1. d4 d6 2. e4 Nf6 3. Nc3 c6 4. Be3 Qa5 5. f3 Nbd7 6. Qd2 e5 7. Nh3 Be7 8. Nf2 d5 9. dxe5 Nxe5 10. Bd4 dxe4 11. Nfxe4 Be6 12. Nxf6+ Bxf6 13. Ne4 Nxf3+ 14. gxf3 Qxd2+ 15. Kxd2 Bxd4 16. c3 Be5 17. Ke3 O-O-O 18. Nc5 Kc7 19. f4 Bf6 20. Nxe6+ fxe6 21. Bc4 b5 22. Bd3 h6 23. Bg6 e5 24. Rad1 exf4+ 25. Kxf4 Rxd1 26. Rxd1 Bg5+ 27. Ke5 Rf8 28. Bf5 Re8+ 29. Be6 Bf4+ 30. Kxf4 Rxe6 31. Rd2 Rd6 32. Rg2 Rf6+ 33. Ke5 Rf7 34. Ke6 Rd7 35. Ke5 Rd5+ 36. Ke6 Rd6+ 37. Ke5 Rd5+ 38. Ke6 Rd6+ 1/2-1/2

[Event "75.Camp. Veneto Quarti di Finale"]
[Site "Montebelluna ITA"]
[Date "2015.05.16"]
[Round "2.11"]
[White "Anselmi, Beatrice"]
[Black "Rossi, Gianni"]
[Result "0-1"]
[WhiteElo "1733"]
[BlackElo "1814"]
[Annotator "Gabriele Ballarin"]
[PlyCount "72"]
[EventDate "2015.05.15"]
[EventType "swiss"]
[EventRounds "5"]
[EventCountry "ITA"]

1. e4 Nf6 2. Nc3 e5 3. Nf3 Nc6 4. d4 exd4 5. Nxd4 Bb4 6. Bg5 Qe7 7. f3 Qe5 8. Bxf6 Qxf6 9. Ndb5 O-O 10. a3 Bxc3+ 11. Nxc3 d6 12. Bd3 Be6 13. O-O {=} Ne5 14. f4 Ng4 15. Rf3 Qd4+ 16. Kh1 Nf2+ 17. Rxf2 Qxf2 18. f5 Bd7 19. Qh5 g6 20. Qh6 Qd4 21. Nd5 Qg7 22. Qh4 f6 23. Rf1 c6 24. Ne3 g5 25. Qg3 Qe7 26. h4 Qe5 27. Qg4 Kh8 28. Bc4 d5 29. Bb3 Qxe4 30. Qxe4 dxe4 31. hxg5 fxg5 32. f6 Rae8 33. Nc4 e3 34. Nd6 e2 35. Re1 Rxf6 36. Nxe8 Rf1+ 0-1

[Event "75.Camp. Veneto Quarti di Finale"]
[Site "Montebelluna ITA"]
[Date "2015.05.16"]
[Round "3.1"]
[White "Della Sala, Bruno"]
[Black "Sartor, Giovanni"]
[Result "1-0"]
[WhiteElo "1995"]
[BlackElo "1444"]
[Annotator "Gabriele Ballarin"]
[PlyCount "45"]
[EventDate "2015.05.15"]
[EventType "swiss"]
[EventRounds "5"]
[EventCountry "ITA"]

1. d4 Nf6 2. Nf3 e6 3. c4 b6 4. e3 Bb7 5. Bd3 Bb4+ 6. Nbd2 O-O 7. O-O c5 8. a3 Bxd2 9. Bxd2 Na6 10. Qc2 d5 11. cxd5 exd5 12. Ne5 Ne4 13. Be1 f5 14. f3 Nd6 15. Bg3 c4 16. Be2 Kh8 17. Rac1 g5 18. b3 f4 19. exf4 gxf4 20. Bf2 cxb3 21. Qxb3 Nf5 22. Rfe1 Rg8 23. Nf7+ 1-0

[Event "75.Camp. Veneto Quarti di Finale"]
[Site "Montebelluna ITA"]
[Date "2015.05.16"]
[Round "3.2"]
[White "Loiacono, Antonio"]
[Black "Zanirato, Stefano"]
[Result "0-1"]
[WhiteElo "1936"]
[BlackElo "1898"]
[Annotator "Gabriele Ballarin"]
[PlyCount "90"]
[EventDate "2015.05.15"]
[EventType "swiss"]
[EventRounds "5"]
[EventCountry "ITA"]

1. e4 Nc6 2. d4 d5 3. e5 a6 4. Nf3 Bf5 5. c3 e6 6. Be2 Be7 7. Nbd2 h5 8. Nf1 h4 9. h3 Nh6 10. Bxh6 Rxh6 11. Ne3 Bg6 12. Ng4 Rh8 13. Bd3 Bxd3 14. Qxd3 Qd7 15. O-O-O Na5 16. Rhe1 Qb5 17. Ne3 Qxd3 18. Rxd3 b5 19. Rdd1 Kd7 20. Nd2 Nc4 21. Ndxc4 bxc4 22. f4 Rab8 23. Kc2 g6 24. Rf1 Rb6 25. b3 cxb3+ 26. axb3 Rhb8 27. Rb1 c5 28. dxc5 Bxc5 29. Ng4 Rc8 30. Kb2 Ke7 31. Rfd1 a5 32. Rd3 Rd8 33. Kc2 d4 34. c4 Rb4 35. Ra1 Ra8 36. Kb2 a4 37. Nf6 Rab8 38. Ne4 Rxb3+ 39. Rxb3 Rxb3+ 40. Kc2 d3+ 41. Kd1 Be3 42. Nd2 Rb2 43. Nf3 a3 44. Ne1 Rd2+ 45. Kc1 Ra2+ 0-1

[Event "75.Camp. Veneto Quarti di Finale"]
[Site "Montebelluna ITA"]
[Date "2015.05.16"]
[Round "3.3"]
[White "Dappiano, Andrea"]
[Black "Losso, Agostino"]
[Result "1-0"]
[WhiteElo "2225"]
[BlackElo "1757"]
[Annotator "Gabriele Ballarin"]
[PlyCount "65"]
[EventDate "2015.05.15"]
[EventType "swiss"]
[EventRounds "5"]
[EventCountry "ITA"]

1. e4 c5 2. Nc3 e6 3. g3 Nc6 4. Bg2 Nf6 5. f4 d6 6. Nf3 Rb8 7. d3 b5 8. h3 Qc7 9. O-O Be7 10. g4 Nd4 11. Be3 Nxf3+ 12. Qxf3 b4 13. Ne2 Bb7 14. Qf2 Nd7 15. f5 e5 16. g5 Qd8 17. h4 h6 18. f6 gxf6 19. gxh6 Bf8 20. Ng3 Bc8 21. Nf5 Nb6 22. Ng7+ Kd7 23. Qxf6 Qxf6 24. Rxf6 Kc6 25. Rxf7 Bd7 26. Raf1 a5 27. R1f6 a4 28. Bg5 Kb5 29. Nf5 Bxf5 30. exf5 c4 31. dxc4+ Kxc4 32. Be3 Nd5 33. Bf1# 1-0

[Event "75.Camp. Veneto Quarti di Finale"]
[Site "Montebelluna ITA"]
[Date "2015.05.16"]
[Round "3.5"]
[White "Carini, Massimo"]
[Black "Tencheni, Maurizio"]
[Result "1-0"]
[WhiteElo "1964"]
[BlackElo "1731"]
[Annotator "Gabriele Ballarin"]
[PlyCount "97"]
[EventDate "2015.05.15"]
[EventType "swiss"]
[EventRounds "5"]
[EventCountry "ITA"]

1. e4 b6 2. d4 Bb7 3. Bd3 Nc6 4. c3 e5 5. Ne2 Nf6 6. O-O Bd6 7. d5 Ne7 8. Nd2 Ng6 9. Nc4 Be7 10. Ng3 O-O 11. Nf5 h6 12. Nxe7+ Qxe7 13. Ne3 d6 14. Nf5 Qe8 15. Qf3 Bc8 16. Nxh6+ gxh6 17. Qxf6 Kh7 18. Qf3 Qe7 19. Qh5 Qh4 20. Qxh4 Nxh4 21. f4 Rg8 22. g3 Bh3 23. Rf2 Raf8 24. fxe5 dxe5 25. Kh1 Ng6 26. Be3 Ne7 27. Bf1 Bd7 28. c4 f6 29. c5 Nc8 30. Rc1 Rg7 31. Bg2 Rgf7 32. Rfc2 Kg7 33. cxb6 cxb6 34. Rc7 Bg4 35. h3 Bd7 36. Kh2 Kg6 37. Bf1 Nd6 38. Rxa7 Bb5 39. Rxf7 Rxf7 40. Bxb5 Nxb5 41. Bxb6 Nd6 42. a4 Rb7 43. a5 Nxe4 44. Rc6 Rd7 45. a6 Rxd5 46. a7 Rd2+ 47. Kg1 Rd1+ 48. Kg2 Ra1 49. Rc8 1-0

[Event "75.Camp. Veneto Quarti di Finale"]
[Site "Montebelluna ITA"]
[Date "2015.05.16"]
[Round "3.5"]
[White "Latella, Tommaso"]
[Black "Polese, Marco"]
[Result "1/2-1/2"]
[WhiteElo "1732"]
[BlackElo "1967"]
[Annotator "Gabriele Ballarin"]
[PlyCount "180"]
[EventDate "2015.05.15"]
[EventType "swiss"]
[EventRounds "5"]
[EventCountry "ITA"]

1. e4 e6 2. d4 d5 3. Nc3 Nf6 4. Bg5 h6 5. Bxf6 gxf6 6. Nf3 Bb4 7. Bd3 c6 8. Qd2 Nd7 9. O-O-O Qc7 10. Rhe1 Nb6 11. a3 dxe4 12. Rxe4 Be7 13. Qf4 Qxf4+ 14. Rxf4 f5 15. Ne5 Bg5 16. Ne2 f6 17. Nf3 Bxf4+ 18. Nxf4 Bd7 19. Re1 Kf7 20. c4 Rhg8 21. b3 Rae8 22. g3 Nc8 23. Nh4 e5 24. dxe5 fxe5 25. Nfg2 Kf6 26. Ne3 e4 27. Be2 Be6 28. Nhg2 Rd8 29. Nf4 Nd6 30. Kc2 Nf7 31. Kc3 Ne5 32. Nc2 Rd7 33. Rd1 Rxd1 34. Bxd1 c5 35. Ne3 Rd8 36. Be2 Nc6 37. Bf1 Ne7 38. Bh3 Ng6 39. Nxe6 Rd3+ 40. Kc2 Rxe3 41. fxe3 Kxe6 42. g4 Nh4 43. gxf5+ {=} Ke5 44. Bg4 Nxf5 45. Kd2 Nd6 46. Ke2 b5 47. cxb5 Nxb5 48. a4 Nc3+ 49. Kd2 Nd5 50. Be2 a5 51. Bc4 Nb6 52. Be2 Kf5 53. Ke1 Kg5 54. Kf2 Kh4 55. Bf1 Nd5 56. Bg2 Nf6 57. Ke2 Kg4 58. Kf2 h5 59. h3+ Kh4 60. Bf1 Nd5 61. Bg2 Nc3 62. Bf1 Nd1+ 63. Ke2 Nc3+ 64. Kf2 Nd5 65. Bg2 Nf6 66. Bf1 Nh7 67. Kg2 Ng5 68. Kh2 Nf3+ 69. Kg2 Kg5 70. Bc4 h4 71. Kf2 Kf5 72. Be2 Nd2 73. Bc4 Ke5 74. Ke2 Nf3 75. Kf2 Ng5 76. Kg2 Nh7 77. Be2 Nf6 78. Kg1 Nd7 79. Kf2 Nb6 80. Bc4 Kd6 81. Kg1 Nd5 82. Kf2 Ke5 83. Bf1 Nb4 84. Bc4 Nd5 85. Be2 Nc3 86. Bc4 {=} Nd1+ 87. Ke2 Nc3+ 88. Kf2 Na2 89. Ke1 Nb4 90. Kd2 Nc6 1/2-1/2

[Event "75.Camp. Veneto Quarti di Finale"]
[Site "Montebelluna ITA"]
[Date "2015.05.16"]
[Round "3.6"]
[White "De Paoli, Emilio"]
[Black "Loiacono, Leonardo"]
[Result "1/2-1/2"]
[WhiteElo "1758"]
[BlackElo "1854"]
[Annotator "Gabriele Ballarin"]
[PlyCount "89"]
[EventDate "2015.05.15"]
[EventType "swiss"]
[EventRounds "5"]
[EventCountry "ITA"]

1. e4 c5 2. Nf3 Nc6 3. d4 cxd4 4. Nxd4 Nf6 5. Nxc6 bxc6 6. Nc3 e5 7. Bc4 Bb4 8. Bg5 O-O 9. O-O h6 10. Bh4 Bb7 11. Qf3 Qe7 12. Bxf6 Qxf6 13. Qxf6 gxf6 14. Na4 d5 15. a3 Be7 16. exd5 cxd5 17. Bb3 Rac8 18. Rad1 Rfd8 19. Rfe1 d4 20. Rd3 Bc6 21. f4 e4 22. Rg3+ Kh7 23. Bxf7 Bxa4 24. Bg6+ Kh8 25. Bxe4 Bf8 26. b3 Bc6 27. Bf5 Re8 28. Rd1 Rcd8 29. c3 Bc5 30. cxd4 Rxd4 31. Rxd4 Bxd4+ 32. Kf1 Be3 33. a4 Bd5 34. Rg6 Bxb3 35. Rxh6+ Kg7 36. Rh7+ Kg8 37. g3 Bxa4 38. Rc7 Bb5+ 39. Kg2 a5 40. Bg6 Rd8 41. Kf3 Bd4 42. h4 a4 43. h5 a3 44. h6 Rf8 45. Rg7+ 1/2-1/2

[Event "75.Camp. Veneto Quarti di Finale"]
[Site "Montebelluna ITA"]
[Date "2015.05.16"]
[Round "3.7"]
[White "Rossi, Gianni"]
[Black "Zilio, Lodovico"]
[Result "0-1"]
[WhiteElo "1814"]
[BlackElo "1574"]
[Annotator "Gabriele Ballarin"]
[PlyCount "54"]
[EventDate "2015.05.15"]
[EventType "swiss"]
[EventRounds "5"]
[EventCountry "ITA"]

1. d4 d5 2. e4 dxe4 3. Nc3 Nf6 4. f3 exf3 5. Nxf3 Bf5 6. Ne5 g6 7. g4 Be6 8. Bg2 c6 9. O-O Nbd7 10. g5 Nd5 11. Nxd5 cxd5 12. Bf4 Bg7 13. c4 Nxe5 14. Bxe5 Bxe5 15. dxe5 Qb6+ 16. Kh1 dxc4 17. Qa4+ Kf8 18. Qa3 Qc7 19. Qg3 Rd8 20. Rf2 Kg7 21. Raf1 Rhf8 22. h4 b5 23. Kh2 b4 24. Bh3 Bxh3 25. Rxf7+ Rxf7 26. Rxf7+ Kg8 27. Kxh3 Qd7+ 0-1

[Event "75.Camp. Veneto Quarti di Finale"]
[Site "Montebelluna ITA"]
[Date "2015.05.16"]
[Round "3.8"]
[White "Zenari, Marco"]
[Black "Dallaglio, Giovanni"]
[Result "1/2-1/2"]
[WhiteElo "1966"]
[BlackElo "1943"]
[Annotator "Gabriele Ballarin"]
[PlyCount "138"]
[EventDate "2015.05.15"]
[EventType "swiss"]
[EventRounds "5"]
[EventCountry "ITA"]

1. e4 e6 2. d4 d5 3. exd5 exd5 4. Nf3 Bd6 5. Be2 Ne7 6. O-O O-O 7. Bd2 Nbc6 8. Nc3 a6 9. Bg5 f6 10. Be3 Bf5 11. Qd2 Qd7 12. Nh4 Rfe8 13. Nxf5 Nxf5 14. Bg4 Nce7 15. Rfe1 Qd8 16. Bf4 c6 17. Re2 Bxf4 18. Qxf4 Qd6 19. Qxd6 Nxd6 20. Bd7 Red8 21. Rxe7 Kf8 22. Rae1 Ne4 23. Nxe4 Kxe7 24. Nc5+ Kf7 25. Bf5 g6 26. Bd3 b5 27. f3 a5 28. Kf2 a4 29. Re6 Rdc8 30. Rd6 Rc7 31. c3 Ke7 32. Re6+ Kf7 33. g3 Ra5 34. Bf1 b4 35. Re3 bxc3 36. Rxc3 Ra8 37. Ra3 Rb8 38. Nxa4 Rb4 39. Ke3 Re7+ 40. Kd3 Re1 41. Be2 Rh1 42. Kc3 Rb7 43. Nc5 Re7 44. Kd2 Rxh2 45. Re3 Ra7 46. a4 h5 47. Rb3 Re7 48. Re3 Ra7 49. b4 g5 50. Ke1 h4 51. gxh4 Rxh4 52. a5 Rxd4 53. Nd3 Rh4 54. Bf1 c5 55. Nxc5 Rxb4 56. Rb3 Re7+ 57. Kf2 Rd4 58. Be2 Rh4 59. Rb2 Rh2+ 60. Kf1 f5 61. a6 g4 62. fxg4 fxg4 63. Nb7 Rh1+ 64. Kg2 Ra1 65. Kg3 Ra3+ 66. Kxg4 Kg7 67. Nd6 Rxe2 68. Rxe2 Rxa6 69. Nf5+ Kf6 1/2-1/2

[Event "75.Camp. Veneto Quarti di Finale"]
[Site "Montebelluna ITA"]
[Date "2015.05.16"]
[Round "3.9"]
[White "Polin, Giulia"]
[Black "Negro, Raffaele"]
[Result "0-1"]
[WhiteElo "1858"]
[BlackElo "1845"]
[Annotator "Gabriele Ballarin"]
[PlyCount "95"]
[EventDate "2015.05.15"]
[EventType "swiss"]
[EventRounds "5"]
[EventCountry "ITA"]

1. e4 b6 2. d4 Bb7 3. Bd3 Nf6 4. Nc3 e6 5. a3 d5 6. e5 Ne4 7. Nge2 Nxc3 8. bxc3 Ba6 9. O-O Bxd3 10. Qxd3 c5 11. f4 g6 12. Bd2 Nc6 13. Be1 Na5 14. g4 h5 15. f5 gxf5 16. Qb5+ Qd7 17. Qxd7+ Kxd7 18. gxf5 cxd4 19. cxd4 Nc6 20. Bh4 Be7 21. f6 Bf8 22. Kh1 Na5 23. Rg1 Nc4 24. Rg3 Bh6 25. Rag1 Ne3 26. c3 Nc4 27. a4 Nb2 28. Bg5 Bxg5 29. Rxg5 Nxa4 30. R1g3 Nb2 31. Nf4 a5 32. Nxh5 a4 33. Rg1 a3 34. Nf4 a2 35. Ra1 Nc4 36. Rg2 Rh4 37. Nd3 Rh3 38. Ne1 Rxc3 39. Raxa2 Rxa2 40. Rxa2 Rc1 41. Re2 b5 42. Kg2 Rc3 43. Nc2 Rxc2 44. Rxc2 Ne3+ 45. Kg3 Nxc2 46. h4 Nxd4 47. h5 Nf5+ 48. Kf3 0-1